000 00548nam a2200205Ia 4500
003 OSt
005 20230509163850.0
008 210423s2006 xx 000 0 und d
040 _cAL
041 _aeng
082 _a574.87322
_223
_bCALC
100 _aCALLADINE (Chris R);others.
_9101719
245 _aUnderstanding DNA: molecular and how it works.
250 _a3
260 _aU K
_bAcademic Press
_c2006
300 _axiii,334
365 _b395
_cINR
906 _aDNA ; how ; it ; molecular ; Understanding ; works.
942 _2ddc
_cBK
999 _c164080
_d164080